| 000 | 00561nam a2200181Ia 4500 | ||
|---|---|---|---|
| 008 | 100920s9999 xx 000 0 und d | ||
| 082 |
_b103838 _a28 व 539 न 08 |
||
| 100 | _aलॉरी बेकर/अनु:एकबोटे विनिता. | ||
| 245 | _aभूकंप. | ||
| 260 |
_bसाकेत,औरंगाबाद. _c2008 |
||
| 300 |
_a46 _bसाधी |
||
| 365 | _b35 | ||
| 520 | _aबा.वि.शाआ. | ||
| 630 | _aभूकंप. | ||
| 650 | _aबा.वि.शाआ. | ||
| 730 | _aभूकंप. | ||
| 942 | _cBOOK | ||
| 999 |
_c744270 _d744267 |
||